000 00748nam a2200229 a 4500
001
003 DO-SdBNP
005 20220519131211.0
008 101013s1976 dr 000 0 spa d
040 _aBPMSU
_bspa
_cBPMSU
082 _a280.4097293
_bL817p 1976
_222
100 1 _aLockward, George A.
245 1 3 _aEl protestantismo en dominicana /
_cGeorge A. Lockward.
260 _aSanto Domingo :
_c1976.
_bDel Caribe,
300 _a450 p. ;
_c25 cm.
504 _aIncluye referencias bibliográficas y notas al pie de las páginas.
590 _aInventariado, 2022/Vm
650 4 _aIglesias protestantes
_zRepública Dominicana
_xHistoria
651 4 _aRepública Dominicana
_xHistoria Eclesiástica
910 _aVMateo V.
942 _2ddc
_cBK
999 _c14211
_d14211